[Event "Vellmar op-B 5th"]
[Site "Vellmar"]
[Date "2013.07.28"]
[Round "6"]
[White "Moenster, Michel"]
[Black "Naujocks, Christian"]
[Result "1-0"]
[WhiteElo "1544"]
[BlackElo "1601"]
[PlyCount "61"]
[EventDate "2013.07.25"]
[EventType "swiss"]
[EventRounds "7"]
[EventCountry "GER"]
[SourceTitle "EXT 2015"]
[Source "ChessBase"]
[SourceDate "2014.11.20"]
[SourceVersion "1"]
[SourceVersionDate "2014.11.20"]
[SourceQuality "1"]

1. e4 c5 2. d4 cxd4 3. c3 dxc3 4. Nxc3 Nc6 5. Nf3 g6 6. Bc4 Bg7 7. Bf4 Qa5 8. 0-0 Bxc3 9. bxc3 Qxc3 10. Rc1 Qa5 11. Nd4 e5 12. Nxc6 dxc6 13. Bg5 h6 14. Qf3 Qc7 15. Bf6 Nxf6 16. Qxf6 Rf8 17. Rfd1 Qe7 18. Qg7 Qg5 19. h4 Qxh4 20. Qxe5+ Qe7 21. Qg7 h5 22. e5 Bd7 23. e6 fxe6 24. Qxg6+ Qf7 25. Qg3 0-0-0 26. Rb1 Rg8 27. Qb3 b5 28. Rxd7 Rxd7 29. Bxe6 Qg6 30. Bxg8 Rg7 31. Qe6+ 1-0

[Event "GER-ch U25 op-B"]
[Site "Oberhof"]
[Date "2013.05.25"]
[Round "9"]
[White "Eggert, Daniela"]
[Black "Moenster, Michel"]
[Result "1-0"]
[WhiteElo "1241"]
[BlackElo "1310"]
[PlyCount "55"]
[EventDate "2013.05.19"]
[EventType "swiss"]
[EventRounds "9"]
[EventCountry "GER"]
[SourceTitle "CBM 154 Extra"]
[Source "ChessBase"]
[SourceDate "2013.06.25"]
[SourceVersion "2"]
[SourceVersionDate "2013.06.25"]
[SourceQuality "1"]

1. e4 e6 2. d4 d5 3. exd5 exd5 4. Nf3 c5 5. c4 cxd4 6. Nxd4 Nf6 7. Nc3 Nc6 8. cxd5 Nxd5 9. Nxc6 bxc6 10. Bc4 Be6 11. 0-0 Be7 12. Nxd5 Bxd5 13. Bxd5 cxd5 14. Qa4+ Qd7 15. Qxd7+ Kxd7 16. Rd1 Kc6 17. Bf4 Rhd8 18. Rac1+ Kb5 19. Rd4 Bf6 20. a4+ Kb6 21. Bc7+ Ka6 22. Rb4 Rd6 23. Bxd6 Ka5 24. b3 Bd8 25. Rb8 Rxb8 26. Bxb8 Bg5 27. Rc5+ Kb6 28. Rxd5 1-0

[Event "GER-ch U25 op-B"]
[Site "Oberhof"]
[Date "2013.05.24"]
[Round "8"]
[White "Moenster, Michel"]
[Black "Vuckovic, Robert"]
[Result "0-1"]
[WhiteElo "1310"]
[BlackElo "944"]
[PlyCount "134"]
[EventDate "2013.05.19"]
[EventType "swiss"]
[EventRounds "9"]
[EventCountry "GER"]
[SourceTitle "CBM 154 Extra"]
[Source "ChessBase"]
[SourceDate "2013.06.25"]
[SourceVersion "2"]
[SourceVersionDate "2013.06.25"]
[SourceQuality "1"]

1. e4 e6 2. d4 d5 3. exd5 exd5 4. c4 c6 5. Nc3 Be7 6. Nf3 Nf6 7. Be3 Be6 8. Qb3 Qc8 9. cxd5 cxd5 10. Rc1 0-0 11. Bd3 Nc6 12. Ne2 a6 13. Qc2 Nb4 14. Qb1 Nxd3+ 15. Qxd3 Qd8 16. 0-0 Ne4 17. Nc3 Nxc3 18. Rxc3 Bd7 19. Qb1 Bb4 20. Rcc1 Bb5 21. Rfd1 Be2 22. Ng5 f5 23. Ne6 Qe7 24. Nxf8 Rxf8 25. Kh1 Bxd1 26. Rxd1 Qf7 27. Bf4 Qf6 28. a3 Bd6 29. Bxd6 Qxd6 30. Qd3 Qf4 31. Kg1 Qe4 32. Qxe4 fxe4 33. Rc1 Re8 34. Kf1 Kf7 35. Ke2 Kf6 36. Rc7 b5 37. Rc6+ Re6 38. Rc5 Rd6 39. Ke3 Kf5 40. h3 h5 41. Rc8 g6 42. Re8 g5 43. Re5+ Kf6 44. h4 g4 45. Rxh5 Kg6 46. Rg5+ Kh6 47. Kf4 Rf6+ 48. Rf5 Rxf5+ 49. Kxf5 g3 50. fxg3 e3 51. g4 e2 52. g5+ Kg7 53. h5 e1Q 54. h6+ Kg8 55. g6 Qe4+ 56. Kf6 Qf4+ 57. Ke6 Qxh6 58. Kxd5 Qxg6 59. Kc5 Kf7 60. d5 Ke7 61. b4 Qf6 62. g4 Kd7 63. g5 Qc3+ 64. Kb6 Qc7+ 65. Kxa6 Qb8 66. g6 Kc7 67. d6+ Kc6 0-1

[Event "GER-ch U25 op-B"]
[Site "Oberhof"]
[Date "2012.06.02"]
[Round "9"]
[White "Moenster, Michel"]
[Black "Hoffmann, Rasmus"]
[Result "0-1"]
[WhiteElo "988"]
[BlackElo "1151"]
[PlyCount "148"]
[EventDate "2012.05.27"]
[EventType "swiss"]
[EventRounds "9"]
[EventCountry "GER"]
[SourceTitle "CBM 148 Extra"]
[Source "ChessBase"]
[SourceDate "2012.06.22"]
[SourceVersion "1"]
[SourceVersionDate "2012.06.22"]
[SourceQuality "1"]

1. d4 d5 2. Nf3 Bf5 3. e3 e6 4. Bd3 Bxd3 5. Qxd3 Nd7 6. 0-0 Ngf6 7. Nbd2 Be7 8. c4 c6 9. cxd5 cxd5 10. e4 0-0 11. e5 Ne8 12. Re1 Qb6 13. Nf1 f6 14. Ng3 Nc7 15. exf6 Nxf6 16. Ng5 g6 17. Bf4 Nfe8 18. Qd2 Bb4 19. Qe3 Bxe1 20. Rxe1 Ng7 21. Bxc7 Qxc7 22. Nxe6 Nxe6 23. Qxe6+ Qf7 24. Qxf7+ Rxf7 25. Re5 Rd8 26. Ne2 a6 27. Nc3 Rfd7 28. a4 Kg7 29. g3 Kf6 30. Kg2 h6 31. f4 g5 32. f5 Kf7 33. g4 Kf6 34. Re6+ Kg7 35. Kg3 Rf8 36. Re5 Rfd8 37. h3 Kf7 38. Kf3 Kf6 39. Re6+ Kg7 40. Re5 Kf7 41. Re6 Rd6 42. Re5 R6d7 43. Re6 Rd6 44. Re5 R8d7 45. Kg3 Re7 46. Rxe7+ Kxe7 47. b4 Kd7 48. h4 Kc6 49. hxg5 hxg5 50. b5+ axb5 51. axb5+ Kb6 52. f6 Rd8 53. f7 Rf8 54. Nxd5+ Kxb5 55. Nc7+ Kc4 56. Ne6 Rxf7 57. Nxg5 Re7 58. Nf3 b5 59. g5 b4 60. Kg4 Kc3 61. d5 b3 62. d6 Rd7 63. g6 Rxd6 64. Kh5 Rxg6 65. Kxg6 b2 66. Ne5 b1Q+ 67. Kh6 Kd4 68. Nf3+ Kd5 69. Ng5 Ke5 70. Nf3+ Kf6 71. Nh4 Qe1 72. Kh7 Qe4+ 73. Ng6 Qxg6+ 74. Kh8 Qg7# 0-1

[Event "GER-ch U25 op-B"]
[Site "Oberhof"]
[Date "2012.05.30"]
[Round "6"]
[White "Niewrzol, Anton"]
[Black "Moenster, Michel"]
[Result "0-1"]
[WhiteElo "896"]
[BlackElo "988"]
[PlyCount "36"]
[EventDate "2012.05.27"]
[EventType "swiss"]
[EventRounds "9"]
[EventCountry "GER"]
[SourceTitle "CBM 148 Extra"]
[Source "ChessBase"]
[SourceDate "2012.06.22"]
[SourceVersion "1"]
[SourceVersionDate "2012.06.22"]
[SourceQuality "1"]

1. e4 e6 2. d4 d5 3. Nc3 c5 4. Nf3 Nc6 5. Bb5 a6 6. Bxc6+ bxc6 7. 0-0 Bd6 8. e5 cxd4 9. Qxd4 c5 10. Qg4 Bf8 11. Na4 Nh6 12. Bxh6 gxh6 13. Nxc5 Bxc5 14. Qg7 Rf8 15. Qxh6 Bb7 16. Qxh7 d4 17. Ng5 Qxg5 18. g3 Ke7 0-1

[Event "GER-ch U25 op-B"]
[Site "Oberhof"]
[Date "2012.05.29"]
[Round "5"]
[White "Moenster, Michel"]
[Black "Piontek, Oliver"]
[Result "1-0"]
[WhiteElo "988"]
[BlackElo "748"]
[PlyCount "37"]
[EventDate "2012.05.27"]
[EventType "swiss"]
[EventRounds "9"]
[EventCountry "GER"]
[SourceTitle "CBM 148 Extra"]
[Source "ChessBase"]
[SourceDate "2012.06.22"]
[SourceVersion "1"]
[SourceVersionDate "2012.06.22"]
[SourceQuality "1"]

1. f4 d5 2. Nf3 Nc6 3. e3 Bf5 4. Be2 Nb4 5. d3 e6 6. 0-0 Be7 7. Nc3 Qd7 8. Ne5 Qd8 9. e4 dxe4 10. dxe4 Qxd1 11. Rxd1 Nxc2 12. exf5 Nxa1 13. Bd3 Bf6 14. fxe6 fxe6 15. Be3 Bxe5 16. fxe5 0-0-0 17. Bxa7 Nh6 18. a4 b6 19. Ba6# 1-0